| 000 | 00802cam a22002417a 4500 | ||
|---|---|---|---|
| 001 | 14613758 | ||
| 005 | 20241112145054.0 | ||
| 008 | 061027s2007 caua 001 0 eng d | ||
| 020 | _a9780321432063 | ||
| 020 | _a9780321432063 | ||
| 050 | 0 | 0 |
_aQA76.9.H58 _bS24 2007 |
| 082 | 0 | 0 |
_a004.01/9 _222 |
| 100 | 1 | _aSaffer, Dan | |
| 245 | 1 | 0 |
_aDesigning for interaction : _bcreating smart applications and clever devices / _cDan Saffer. |
| 260 |
_aBerkeley CA : _bNew Riders : _b[Published in association with AIGA Design Press], _cc2007. |
||
| 300 |
_axv, 231 p. : _bill. ( chiefly col.) ; _c23 cm. |
||
| 440 | 0 | _aVoices that matter | |
| 500 | _aIncludes index. | ||
| 650 | 0 | _aHuman-computer interaction. | |
| 650 | 0 | _aUser interfaces (Computer systems) | |
| 650 | 0 | _aSystem design. | |
| 942 |
_2lcc _cBK _n0 |
||
| 999 |
_c1070 _d1070 |
||